00702nam a2200169Ia 4500008004000000020001800040082001500058100002200073245003300095260008200128300000800210650010300218690002100321906001100342999001900353952016000372210210b2001 xxu||||| |||| 00| 0 eng d a81 230 0972 0 a305.4 KAPE aKAPUR (Promilla). aEmpowering the Indian woman. aNew Delhi.bPublication Division Ministry of Information & Broadcastingc2001 a440 aWoman Women Empowerment Girls Education Working Violence Prostitution Human Rights Equality Media aSocial Structure a057940 c105292d105292 001040708SociologyaALbALcSociologyd2021-02-17eAthree Book Centre, Mangalore-01.g135.00l0o305.4 KAPEp057940r2021-02-17 00:00:00w2021-02-17yBK